000 01482cas a2200313 a 4500
003 UPN
005 20240924070923.0
006 s|||||o|||| 00| 0
008 140506c2005 sp fr1||o 0 0spa d
022 _a2254-9099
035 _aUPN01000197022
040 _aMX-MxUPN
_bspa
_cMX-MxUPN
_eaacr2
049 _aREV-E
245 0 0 _aOcnos
_b: revista de estudios sobre lectura
_h[recurso electrónico en línea]
260 _aCuenca :
_bUniversidad de Castilla - La Mancha. Facultad de Ciencias de la Educación y Humanidades,
_c2005 -
310 _aSemestral
321 _aAnual
506 _aAcceso abierto
510 1 _aLatindex
510 1 _aRedalyc
510 1 _ae-revistas
520 _a"Ocnos Revista de Estudios sobre Lectura es una revista semestral, de carácter científico, que tiene como objetivo básico dar a conocer investigaciones y estudios sobre lectura y escritura desde diversos enfoques (sociales, literarios, psicológicos, antropológicos e históricos), así como sobre los procesos educativos, la promoción de la lectura y los hábitos lectores. Ocnos se dirige especialmente a profesores, psicólogos, sociólogos, educadores sociales, filólogos, bibliotecarios y estudiantes de tercer ciclo".
_cOcnos: revista de estudios sobre lectura.
650 4 _aLectura
_913351
650 4 _aEscritura
_913353
650 4 _aInvestigación
_97412
856 1 _uhttps://www.revistaocnos.com/index.php/ocnos
905 _aRevista
942 _cREV-E
999 _c169123
_d169123